| 000 | 00571nam a2200193Ia 4500 | ||
|---|---|---|---|
| 008 | 151121s9999||||xx |||||||||||||| ||und|| | ||
| 082 | _a813/कुंटे | ||
| 082 | _bHNW-114224 | ||
| 100 | _aकुंटे जगन्नाथ | ||
| 245 | _aधुनी | ||
| 260 | _b"प्राजक्ता प्रकाशन, पुणे।" | ||
| 260 | _c2013 | ||
| 300 | _a296 | ||
| 600 | _aकुंटे जगन्नाथ | ||
| 630 | _aधुनी | ||
| 700 | _aकुंटे जगन्नाथ | ||
| 730 | _aधुनी | ||
| 942 | _cBOOK | ||
| 999 |
_c1263243 _d1263240 |
||